[Event "73. Deutsche Meisterschaft"]
[Site "Altenkirchen"]
[Date "2001.12.07"]
[Round "8"]
[White "Bischoff, Dieter"]
[Black "Baramidze, David"]
[Result "0-1"]
[WhiteElo "2313"]
[BlackElo "2335"]
[PlyCount "94"]


1. d4 Nf6 2. c4 g6 3. Nc3 d5 4. Nf3 Bg7 5. cxd5 Nxd5 6. e4 Nxc3 7. bxc3 O-O 8.
Be2 c5 9. Rb1 b6 10. O-O Bb7 11. Qd3 Qd7 12. d5 c4 13. Qc2 Rc8 14. Bf4 e6 15.
d6 Qc6 16. e5 Nd7 17. Rbd1 Qe4 18. Qxe4 Bxe4 19. Rfe1 Bd5 20. Bf1 Bxf3 21. gxf3
Rc5 22. Re4 Bxe5 23. Bxe5 Nxe5 24. f4 Nf3+ 25. Kg2 Nh4+ 26. Kh3 Nf5 27. Rxc4
Rxc4 28. Bxc4 Rd8 29. d7 Kf8 30. Kg2 Ke7 31. Bb5 Nd6 32. Bc6 Nc4 33. Rd4 Na5
34. Bb5 Nb7 35. Ra4 a5 36. Rd4 Nc5 37. Rc4 Rb8 38. Rd4 Rd8 39. Rc4 h6 40. h4
Rb8 41. Rd4 Nb7 42. Ba6 Kd8 43. Kg3 Nc5 44. Bb5 Rb7 45. h5 gxh5 46. f5 exf5 47.
Kf4 Ne6+ 0-1

[Event "73. Deutsche Meisterschaft"]
[Site "Altenkirchen"]
[Date "2001.12.07"]
[Round "8"]
[White "Gutman, Lev"]
[Black "Schlindwein, Rolf"]
[Result "0-1"]
[WhiteElo "2489"]
[BlackElo "2440"]
[PlyCount "156"]


1. Nf3 d6 2. d4 Bg4 3. Ng5 h6 4. Ne4 d5 5. Nc5 Bc8 6. Nd3 Nf6 7. a4 c6 8. a5
Bf5 9. c3 Nbd7 10. Bf4 g5 11. Be5 Nxe5 12. Nxe5 Qc7 13. Nd2 e6 14. e3 Bd6 15.
f4 O-O-O 16. a6 b6 17. Ndf3 Ng4 18. Nxg4 Bxg4 19. g3 h5 20. Be2 gxf4 21. gxf4
f6 22. Kd2 Rdg8 23. Ne1 e5 24. fxe5 fxe5 25. dxe5 Bxe5 26. Ra4 Bf5 27. Rf1 Be4
28. Bd3 Bxd3 29. Nxd3 Rg2+ 30. Kc1 b5 31. Qf3 Rhg8 32. Rh4 32... Qh7 {
Remisangebot} 33. e4 Bxh2 34. Rxh5 Qxe4 35. Qh3+ Kb8 36. Re1 Bf4+ 37. Kb1 Rg1
38. Rf1 R1g3 39. Qf5 Qxd3+ 40. Qxd3 Rxd3 41. Rxf4 Kc7 42. Rf7+ Kb6 43. Rhh7 Rd2
44. Rb7+ Kxa6 45. Rxa7+ Kb6 46. Rab7+ Kc5 47. Rh4 Rg1+ 48. Ka2 Rgg2 49. Rb4 d4
50. Rb3 d3 51. Rb4 Rc2 52. Ka3 d2 53. Rd7 Kb6 54. Rd6 Ka5 55. c4 Rxc4 56. Rxc4
bxc4 57. b4+ Kb5 58. Rxd2 Rg3+ 59. Ka2 Kxb4 60. Kb1 c5 61. Rh2 Kb3 62. Rb2+ Kc3
63. Rc2+ Kd3 64. Kb2 Rg1 65. Rc3+ Kd4 66. Rh3 Rg2+ 67. Kc1 Re2 68. Kd1 Re3 69.
Rh4+ Kc3 70. Rh5 Rg3 71. Rxc5 Rg1+ 72. Ke2 Rb1 73. Rc8 Rb4 74. Kd1 Rb1+ 75. Ke2
Rc1 76. Rc7 Kb2 77. Rb7+ Kc2 78. Ra7 c3 0-1

[Event "73. Deutsche Meisterschaft"]
[Site "Altenkirchen"]
[Date "2001.12.07"]
[Round "8"]
[White "Wolter, Dr., Kai"]
[Black "von Herman, Ulf"]
[Result "0-1"]
[WhiteElo "2295"]
[BlackElo "2395"]
[PlyCount "138"]


1. e4 c5 2. Nf3 Nc6 3. d4 cxd4 4. Nxd4 Nf6 5. Nc3 e5 6. Ndb5 d6 7. Bg5 a6 8.
Na3 b5 9. Bxf6 gxf6 10. Nd5 Bg7 11. c3 f5 12. exf5 Bxf5 13. Nc2 O-O 14. Nce3
Be6 15. g3 f5 16. Bh3 Ne7 17. O-O Rc8 18. f4 Nxd5 19. Nxd5 Rc5 20. Ne3 e4 21.
Qe2 d5 22. Rad1 b4 23. cxb4 Rc6 24. g4 fxg4 25. Bxg4 d4 26. Bxe6+ Rxe6 27. Qc4
Qc8 28. Qxc8 Rxc8 29. Nf5 d3 30. Rd2 Bf8 31. a3 a5 32. bxa5 Bc5+ 33. Kg2 Rf8
34. Ng3 Rd8 35. b4 e3 36. Rxd3 Rxd3 37. bxc5 Rc3 38. Re1 Rxc5 39. Kf3 Rc3 40.
Re2 Rxa3 41. Nf1 Rxa5 42. Nxe3 Ra3 43. Kf2 Kf7 44. Kf3 Re8 45. Kf2 Kg6 46. Kf3
Kh5 47. Kf2 Ra4 48. Kf3 Rae4 49. Re1 R4e6 50. Re2 Ra6 51. Rb2 Ra3 52. Re2 Kh4
53. Re1 Kh5 54. Re2 h6 55. Kf2 Ra4 56. Kf3 Ree4 57. f5 Rf4+ 58. Kg3 Kg5 59. Rg2
Ra3 60. Kh3+ Kh5 61. Rg3 Ra2 62. Rg6 Rf3+ 63. Rg3 Rff2 64. Rg6 Rxh2+ 65. Kg3
Rhb2 66. Kf3 Rb3 67. Re6 Ra4 68. Rg6 Ra5 69. Rf6 Re5 0-1

[Event "73. Deutsche Meisterschaft"]
[Site "Altenkirchen"]
[Date "2001.12.07"]
[Round "8"]
[White "Singer, Christoph"]
[Black "Breutigam, Martin"]
[Result "1/2-1/2"]
[WhiteElo "2300"]
[BlackElo "2411"]
[PlyCount "115"]


1. d4 e6 2. Bf4 c5 3. e3 Nf6 4. c3 Nc6 5. Nd2 d5 6. Bd3 Be7 7. h3 O-O 8. Ngf3
c4 9. Bc2 b5 10. a3 Bb7 11. O-O a5 12. e4 dxe4 13. Nxe4 Nd5 14. Bd2 Qc7 15. Re1
h6 16. Qc1 f5 17. Ng3 Bc8 18. Nh5 Bd6 19. Nxg7 Qxg7 20. Bxh6 Qf6 21. Bxf8 Kxf8
22. Qg5 Qg7 23. g3 Ra7 24. h4 Qh8 25. Bxf5 Rg7 26. Bg6 Be7 27. Qh5 Qxh5 28.
Bxh5 Nf4 29. Ne5 Nxh5 30. Nxc6 Bxh4 31. Re5 Nxg3 32. fxg3 Bxg3 33. Rxb5 Bd7 34.
Rf1+ Ke8 35. d5 exd5 36. Nd4 Be5+ 37. Kh1 Bxb5 38. Re1 Re7 39. Nxb5 Kd7 40. a4
{Remisangebot} 40... Rh7+ 41. Kg2 Rh5 42. Kf3 Rf5+ 43. Kg4 Rf4+ 44. Kg5 Bb8 45.
Rd1 Kc6 46. Nd4+ Kb6 47. Rh1 Rf7 48. Rh6+ Kb7 49. Rc6 Ba7 50. Rd6 Bxd4 51. cxd4
Rf2 52. Rxd5 Rxb2 53. Rxa5 Rd2 54. Rc5 Rxd4 55. a5 Ka6 56. Kf5 Rh4 57. Ke6 Rh6+
58. Kd7 1/2-1/2

[Event "73. Deutsche Meisterschaft"]
[Site "Altenkirchen"]
[Date "2001.12.07"]
[Round "8"]
[White "Lutz, Christopher"]
[Black "Slobodjan, Roman"]
[Result "1/2-1/2"]
[WhiteElo "2643"]
[BlackElo "2522"]
[PlyCount "45"]


1. e4 e5 2. Nf3 Nc6 3. Bb5 a6 4. Ba4 Nf6 5. O-O Be7 6. Re1 b5 7. Bb3 O-O 8. a4
Bb7 9. d3 d6 10. Nbd2 Nd7 11. c3 Nc5 12. axb5 axb5 13. Rxa8 Bxa8 14. Bc2 b4 15.
Nc4 bxc3 16. bxc3 Re8 17. Ne3 Bf8 18. h3 Ne7 19. Ba3 Nd7 20. Bb3 Ng6 21. Qd2
Nf6 22. Qa2 Qd7 23. Ng5 1/2-1/2

[Event "73. Deutsche Meisterschaft"]
[Site "Altenkirchen"]
[Date "2001.12.07"]
[Round "8"]
[White "Mueller, Karsten"]
[Black "Naiditsch, Arkadij"]
[Result "1-0"]
[WhiteElo "2503"]
[BlackElo "2524"]
[PlyCount "77"]

1. e4 c5 2. Nf3 g6 3. d4 Bg7 4. d5 d6 5. Bd3 Nf6 6. O-O O-O 7. c4 e5 8. Nc3 a6
9. a3 Nh5 10. Re1 Nf4 11. Bf1 h6 12. b4 b6 13. Rb1 g5 14. Nd2 Nd7 15. g3 Ng6
16. Qa4 Ne7 17. Bd3 f5 18. exf5 e4 19. Ncxe4 Nxf5 20. bxc5 Ne5 21. Be2 bxc5 22.
Bb2 Ra7 23. Bc3 Nd4 24. Bxd4 cxd4 25. Rb8 Qe7 26. Qc2 Bh3 27. Reb1 Rd7 28. Qb3
Bf5 29. c5 dxc5 30. d6+ Qf7 31. Rxf8+ Kxf8 32. Qb8+ Qe8 33. Bh5 Qd8 34. Nxc5
Rxd6 35. Nde4 Rd5 36. Qa7 Qe7 37. Rb7 Nc6 38. Rxe7 Nxa7 39. Re8# 1-0

[Event "73. Deutsche Meisterschaft"]
[Site "Altenkirchen"]
[Date "2001.12.07"]
[Round "8"]
[White "Prusikhin, Mikhajlo"]
[Black "Braun, Arik"]
[Result "1/2-1/2"]
[WhiteElo "2502"]
[BlackElo "2229"]
[PlyCount "40"]


1. d4 Nf6 2. c4 g6 3. Nf3 Bg7 4. g3 c6 5. Bg2 d5 6. cxd5 cxd5 7. Ne5 O-O 8. Nc3
e6 9. O-O Nfd7 10. f4 Nc6 11. Be3 f6 12. Nxc6 bxc6 13. Bf2 f5 14. Rc1 Ba6 15.
Qa4 Qb6 16. Rc2 Rfc8 17. Rfc1 Qb7 18. Nb1 Nb6 19. Qb3 Qd7 20. Qf3 Nc4 1/2-1/2

[Event "73. Deutsche Meisterschaft"]
[Site "Altenkirchen"]
[Date "2001.12.07"]
[Round "8"]
[White "Wahls, Matthias"]
[Black "Rabiega, Robert"]
[Result "0-1"]
[WhiteElo "2580"]
[BlackElo "2503"]
[Annotator "Rabiega"]
[PlyCount "102"]


1. c4 e5 2. d3 Nf6 3. Nf3 Nc6 4. a3 g6 5. b4 d6 6. b5 Ne7 7. Bb2 Bg7 8. g3 O-O
9. Bg2 a6 10. a4 axb5 11. axb5 Rxa1 12. Bxa1 c6 13. bxc6 13... bxc6 {
Eine schwerbluetige Kampfpartie nimmt ihren Anfang.} 14. O-O Nd7 15. Nc3 Qc7
16. Nd2 Nc5 17. Na4 Nxa4 18. Qxa4 Bg4 19. Re1 Qd7 20. Ne4 d5 21. Nc3 d4 22. Ne4
Rb8 23. h3 Bf5 24. Kh2 Qc7 25. Qa3 Bxe4 26. Bxe4 Bf8 27. e3 c5 28. exd4 exd4
29. Bb2 Nc6 30. Bc1 Nb4 31. Qb3 Rb6 32. Bg2 Qd7 33. Bf1 Qf5 34. Kg2 Rf6 35. Bf4
Bd6 36. Re4 g5 37. g4 Qd7 38. Bxg5 {
Der wahrscheinlich entscheidende Fehler in der Zeitnot.} (38. Bxd6 38... Qxd6 {
Schwarz hat weiterhin die Initiative.}) 38... Rg6 39. Bh4 f5 40. Re1 {
Noch 8 Sekunden waren auf der Uhr.} 40... fxg4 {
Weiss kaempft nun einen schweren Kampf ums Remis.} 41. Kh1 gxh3 42. Qd1 Qg4 43.
Qxg4 Rxg4 44. Re4 Rxe4 45. dxe4 h6 46. Bxh3 d3 47. Bf6 d2 48. Bg4 Nd3 49. Kg2
Be5 50. Bxe5 Nxe5 51. Be2 Kg7 0-1

[Event "73. Deutsche Meisterschaft"]
[Site "Altenkirchen"]
[Date "2001.12.08"]
[Round "9"]
[White "Baramidze, David"]
[Black "Scherer, Max"]
[Result "1-0"]
[WhiteElo "2335"]
[BlackElo "2310"]
[PlyCount "113"]


1. e4 e5 2. Nf3 Nc6 3. Bb5 a6 4. Ba4 g6 5. d4 exd4 6. Nxd4 Bg7 7. Be3 Nf6 8.
Nc3 Ne5 9. Bb3 O-O 10. O-O d6 11. h3 c6 12. a4 a5 13. f4 Ned7 14. Nf3 Qe7 15.
Qd3 Nc5 16. Bxc5 dxc5 17. e5 Nh5 18. Qe3 Bh6 19. Ne2 Be6 20. Bxe6 fxe6 21. g3
Rf7 22. h4 {#} 22... Nxg3 23. Nxg3 Rxf4 24. Kg2 Rxh4 25. Qe2 Rf4 26. Ne4 Bg7
27. Qe3 Raf8 28. Nf6+ R8xf6 29. exf6 Qxf6 30. Rae1 e5 31. Nh2 Qg5+ 32. Kh1 Qh5
33. Rxf4 exf4 34. Qf3 Bxb2 35. Qb3+ {#} 35... Qd5+ 36. Qxd5+ cxd5 37. Rb1 Bd4
38. Nf3 Kf7 39. Nxd4 cxd4 40. Rb6 g5 41. Kg2 g4 42. Rh6 Ke7 43. Rh5 Kd6 44. Rf5
f3+ 45. Kf2 Kc5 46. Rf4 b5 47. axb5 Kxb5 48. Rxd4 Kc5 49. Ra4 Kb5 50. Rxg4 a4
51. Kxf3 a3 52. Ke3 a2 53. Rg1 Kb4 54. Kd4 Ka3 55. Kxd5 Kb2 56. c4 a1=R 57.
Rxa1 1-0

[Event "73. Deutsche Meisterschaft"]
[Site "Altenkirchen"]
[Date "2001.12.08"]
[Round "9"]
[White "Bischoff, Dieter"]
[Black "Keilhack, Harald"]
[Result "1/2-1/2"]
[WhiteElo "2313"]
[BlackElo "2318"]
[PlyCount "27"]


1. d4 d5 2. c4 e6 3. Nc3 c5 4. cxd5 exd5 5. Nf3 Nc6 6. g3 Nf6 7. Bg2 Be7 8. O-O
O-O 9. dxc5 Bxc5 10. Bg5 d4 11. Bxf6 Qxf6 12. Nd5 Qd8 13. Nd2 Re8 14. Rc1
1/2-1/2

[Event "73. Deutsche Meisterschaft"]
[Site "Altenkirchen"]
[Date "2001.12.08"]
[Round "9"]
[White "Braun, Arik"]
[Black "Bischoff, Klaus"]
[Result "1/2-1/2"]
[WhiteElo "2229"]
[BlackElo "2541"]
[PlyCount "47"]


1. d4 g6 2. c4 Bg7 3. Nc3 c5 4. d5 Bxc3+ 5. bxc3 f5 6. e4 fxe4 7. f3 d6 8. fxe4
Nf6 9. Bd3 Nbd7 10. Nf3 Ne5 11. Nxe5 dxe5 12. O-O h6 13. a4 a5 14. Ra2 Qd6 15.
h3 Bd7 16. Be3 Kf7 17. Qe1 Kg7 18. Kh2 b6 19. g3 Raf8 20. Rff2 Qc7 21. Qb1 Rb8
22. Bf1 Be8 23. Bg2 Bd7 24. Rfb2 1/2-1/2

[Event "73. Deutsche Meisterschaft"]
[Site "Altenkirchen"]
[Date "2001.12.08"]
[Round "9"]
[White "Breutigam, Martin"]
[Black "Schulz, Karsten"]
[Result "1/2-1/2"]
[WhiteElo "2411"]
[BlackElo "2268"]
[PlyCount "57"]


1. b3 e5 2. Bb2 d6 3. g3 g6 4. d4 Bg7 5. dxe5 Bxe5 6. Bxe5 dxe5 7. Qxd8+ Kxd8
8. Nc3 c6 9. Nf3 f6 10. O-O-O+ Ke7 11. h3 Nh6 12. g4 Nf7 13. Ne4 Nd7 14. h4 Nf8
15. Bh3 Be6 16. c4 Nd7 17. Kb2 Rhd8 18. Nfd2 a5 19. Nb1 a4 20. Nbc3 axb3 21.
axb3 Ra5 22. f3 Rda8 23. Ra1 Rxa1 24. Rxa1 Rxa1 25. Kxa1 Nd6 26. Nxd6 Kxd6 27.
Ne4+ Ke7 28. Bf1 f5 29. Nf2 1/2-1/2

[Event "73. Deutsche Meisterschaft"]
[Site "Altenkirchen"]
[Date "2001.12.08"]
[Round "9"]
[White "Christ, Ralf"]
[Black "von Herman, Ulf"]
[Result "1-0"]
[WhiteElo "2272"]
[BlackElo "2395"]
[PlyCount "94"]


1. e4 e6 2. d4 d5 3. Nc3 Bb4 4. e5 Ne7 5. a3 Bxc3+ 6. bxc3 c5 7. Nf3 Nbc6 8. a4
Qa5 9. Bd2 Bd7 10. Be2 f6 11. exf6 gxf6 12. Nh4 O-O-O 13. Bh5 e5 14. O-O e4 15.
g3 Rhg8 16. Ng2 Bh3 17. Re1 Qc7 18. Nf4 Qd7 19. Be3 {#} 19... Nf5 20. Nxh3 Nxe3
21. Rxe3 Qxh3 22. Kh1 Rg5 23. g4 Qh4 {#} 24. Qf1 Rxh5 25. gxh5 f5 26. Qh3 Qxh3
27. Rxh3 cxd4 28. cxd4 Nxd4 29. Rc3+ Kb8 30. Rd1 Ne6 31. Rb3 Kc7 32. Rb5 Kc6
33. c4 dxc4 34. Rc1 Rd4 35. Rxf5 a6 36. Rf7 b5 37. axb5+ axb5 38. Rxh7 b4 39.
Rh8 b3 40. Rb8 Kd5 41. h6 e3 42. fxe3 Rh4 43. Rb4 Kc5 44. Rxb3 Rxh6 45. Kg2 Ng7
46. Rb8 Nf5 47. Rc8+ Kb4 1-0

[Event "73. Deutsche Meisterschaft"]
[Site "Altenkirchen"]
[Date "2001.12.08"]
[Round "9"]
[White "Espig, Lutz"]
[Black "Muranji, Karl Jasmin"]
[Result "1/2-1/2"]
[WhiteElo "2411"]
[BlackElo "2331"]
[PlyCount "44"]


1. c4 f5 2. Nf3 Nf6 3. g3 e6 4. Bg2 d5 5. O-O c6 6. b3 Bd6 7. Bb2 O-O 8. d4 Bd7
9. Nbd2 Be8 10. Ne5 Nbd7 11. f3 Qc7 12. Nxd7 Qxd7 13. e4 dxe4 14. fxe4 Bh5 15.
Qe1 Bb4 16. exf5 exf5 17. Qc1 Be2 18. Rf2 Rae8 19. Ne4 Bd3 20. Nxf6+ Rxf6 21.
Bc3 Bxc3 22. Qxc3 Be4 1/2-1/2

[Event "73. Deutsche Meisterschaft"]
[Site "Altenkirchen"]
[Date "2001.12.08"]
[Round "9"]
[White "Grafl, Florian"]
[Black "Berezovsky, Igor"]
[Result "0-1"]
[WhiteElo "2373"]
[BlackElo "2432"]
[PlyCount "85"]


1. e4 e6 2. d4 d5 3. Nc3 Bb4 4. exd5 exd5 5. Bd3 Nc6 6. a3 Ba5 7. Be3 Nge7 8.
Qh5 Be6 9. b4 Bb6 10. Nf3 a6 11. Ne2 Qd7 12. h3 Bf5 13. Bxf5 Qxf5 14. Qxf5 Nxf5
15. O-O-O Nd6 16. Nc3 Ne7 17. Rhe1 c6 18. Bf4 Nc4 19. Na4 Bd8 20. Nc5 b6 21.
Nb7 f6 22. Re6 Kd7 23. Rde1 Ng6 24. Bg3 Bc7 25. Nh4 {#} 25... Be5 26. Nxg6 hxg6
27. Bxe5 Kxe6 28. Bd6+ Kf5 29. f4 g5 30. fxg5 Kxg5 31. Rf1 Rh4 32. Bc7 Re4 33.
Nd6 Nxd6 34. Bxd6 Rxd4 35. Bc7 b5 36. Rf3 Re8 37. Bd6 Kg6 38. Rg3+ Kf7 39. Bc5
Re1+ 40. Kb2 Rd2 41. Be3 Rdd1 42. Kb3 d4 43. Rf3 0-1

[Event "73. Deutsche Meisterschaft"]
[Site "Altenkirchen"]
[Date "2001.12.08"]
[Round "9"]
[White "Hammes, Michael"]
[Black "Wahls, Matthias"]
[Result "1/2-1/2"]
[WhiteElo "2374"]
[BlackElo "2580"]
[PlyCount "128"]


1. d4 Nf6 2. Nf3 e6 3. c4 b6 4. e3 Bb7 5. Bd3 g6 6. O-O Bg7 7. b3 O-O 8. Bb2 c5
9. Nbd2 cxd4 10. exd4 d5 11. Qe2 Nc6 12. Rac1 Re8 13. Rfe1 {Remisangebot} 13...
Rc8 14. Qe3 Qd6 15. Ne5 Qf8 16. Nxc6 Rxc6 17. Rc2 Rec8 18. Nf3 Nd7 19. Qe2 R6c7
20. Rd1 Rd8 21. Qe3 Rcc8 22. Bf1 Bh6 23. Qe2 Ba6 24. Bc1 Bg7 25. Bg5 Re8 26.
Qd2 Bb7 27. Be2 Nf6 28. Bf4 Ne4 29. Qe3 Nd6 30. Ne5 f6 31. Nf3 e5 32. Bg3 e4
33. Ne1 Nf5 34. Qc1 Nxg3 35. hxg3 f5 36. cxd5 Qd6 37. Qf4 Qxf4 38. gxf4 Bxd5
39. Ba6 Rxc2 40. Nxc2 Rd8 41. Ne3 Kf8 42. Nxd5 Rxd5 43. Bc4 Rxd4 44. Rxd4 Bxd4
45. Kf1 Kg7 46. Ke2 h5 47. Bd5 h4 48. Bc6 Bc5 49. a4 Kf6 50. Bb7 Kg7 51. Bd5
Kh6 52. Bf7 Bd6 53. Ke3 Bb4 54. Ke2 Bd6 55. Ke3 Kh5 56. Be8 Ba3 57. Kd2 Bb2 58.
Bf7 Ba3 59. Be8 Kg4 60. Bxg6 Kxf4 61. Ke2 Bc5 62. Be8 Ke5 63. Bd7 f4 64. f3 e3
1/2-1/2

[Event "73. Deutsche Meisterschaft"]
[Site "Altenkirchen"]
[Date "2001.12.08"]
[Round "9"]
[White "Handke, Florian"]
[Black "Mueller, Karsten"]
[Result "1-0"]
[WhiteElo "2407"]
[BlackElo "2506"]
[PlyCount "101"]


1. e4 e6 2. d4 d5 3. Nd2 c5 4. exd5 exd5 5. Ngf3 Nc6 6. Bb5 Bd6 7. dxc5 Bxc5 8.
O-O Nge7 9. Nb3 Bb6 10. Re1 O-O 11. Bg5 f6 12. Be3 Ne5 13. Bxb6 Qxb6 14. Nfd4
N7g6 15. Qd2 a6 16. Bf1 Bd7 17. Ne2 Be6 18. Qd4 Qc7 19. Rad1 Rac8 20. f4 Nc6
21. Qf2 Bg4 22. g3 Nb4 23. h3 Bxe2 24. Rxe2 Ne7 25. c3 Nbc6 26. Bg2 Rfd8 27.
Red2 Na5 28. Nd4 Rd6 29. Re2 Nac6 30. Rde1 Qd7 31. h4 f5 32. Re3 Rf8 33. Qd2
Rf7 34. Rd3 Rff6 35. Kh2 g6 36. Rd1 Na5 37. b3 Qc7 38. Nc2 Nac6 39. Ne3 d4 40.
cxd4 Qa5 41. d5 Qxd2 42. R3xd2 Nb8 43. Nc4 Rd8 44. Na5 Rb6 45. d6 Nec6 46. Nc4
Rb5 47. Re1 Rc5 {#} 48. Re7 Rxc4 49. Bd5+ Kf8 50. Rf7+ Ke8 51. Bxc4 1-0

[Event "73. Deutsche Meisterschaft"]
[Site "Altenkirchen"]
[Date "2001.12.08"]
[Round "9"]
[White "Hertneck, Gerald"]
[Black "Levin, Felix"]
[Result "1-0"]
[WhiteElo "2570"]
[BlackElo "2531"]
[PlyCount "86"]


1. d4 d5 2. c4 dxc4 3. e4 c5 4. d5 Nf6 5. Nc3 b5 6. e5 b4 7. exf6 bxc3 8. bxc3
Ba6 9. Bf4 gxf6 10. Rb1 Bg7 11. g3 O-O 12. Ne2 Nd7 13. Qa4 Ne5 14. Bxe5 Qxd5
15. Rg1 fxe5 16. Qxa6 Rfd8 17. f3 e4 18. Qb7 Bxc3+ 19. Kf2 e3+ 20. Kg2 Qxb7 21.
Rxb7 Bd2 22. Rxe7 c3 23. Re4 Rab8 24. Rc4 Rb2 25. f4 c2 26. Kf3 Rd3 27. Bh3
c1=Q 28. Nxc1 Ra3 29. Ne2 Bb4 30. Re4 Bd2 31. Ra1 a5 32. Bf5 Raxa2 33. Rxa2
Rxa2 34. Rc4 Bb4 35. Kxe3 a4 36. Rc2 Ra1 37. Nc1 a3 38. Bd3 Kg7 39. Bc4 Kf6 40.
g4 h6 41. h4 Rb1 42. Ba2 Ra1 43. h5 Kg7 1-0

[Event "73. Deutsche Meisterschaft"]
[Site "Altenkirchen"]
[Date "2001.12.08"]
[Round "9"]
[White "Haensel, Thomas"]
[Black "Wolter, Dr., Kai"]
[Result "1-0"]
[WhiteElo "2259"]
[BlackElo "2295"]
[PlyCount "87"]


1. e4 c5 2. Nf3 e6 3. d4 cxd4 4. Nxd4 Nc6 5. Nb5 d6 6. c4 Nf6 7. N1c3 a6 8. Na3
Be7 9. Be2 O-O 10. O-O b6 11. Nc2 Bb7 12. Ne3 Nb8 13. f3 Nbd7 14. b3 Re8 15.
Kh1 Rc8 16. Bb2 Qc7 17. Qd2 Qb8 18. Rad1 Red8 19. Bd3 Bc6 {#} 20. Ncd5 exd5 21.
exd5 Bb7 22. Nf5 Bf8 23. Qg5 g6 24. Bxf6 Nxf6 25. Qxf6 gxf5 26. Qxf5 Bg7 27.
Qxh7+ Kf8 28. f4 Qc7 29. f5 f6 30. Rde1 Qf7 31. Re6 Qg8 32. Qg6 Qf7 33. Qg3 Qc7
34. Rfe1 Re8 35. Qg6 Qf7 36. Qh7 b5 37. h4 bxc4 38. bxc4 Rxe6 39. fxe6 Qe7 {#}
40. Bg6 Rxc4 41. Bf7 Qxf7 42. exf7 Kxf7 43. Qh5+ Kg8 44. Re8+ 1-0

[Event "73. Deutsche Meisterschaft"]
[Site "Altenkirchen"]
[Date "2001.12.08"]
[Round "9"]
[White "Kalinitschew, Sergej"]
[Black "Singer, Christoph"]
[Result "1-0"]
[WhiteElo "2487"]
[BlackElo "2300"]
[PlyCount "109"]


1. d4 d5 2. c4 e6 3. Nc3 Be7 4. Nf3 Nf6 5. Bg5 O-O 6. e3 Nbd7 7. Qc2 c5 8. cxd5
Nxd5 9. Bxe7 Qxe7 10. Nxd5 exd5 11. Bd3 cxd4 12. Nxd4 Qb4+ 13. Qd2 Nc5 14. Bb5
Qxd2+ 15. Kxd2 a6 16. Bd3 Be6 17. Rhc1 Nxd3 18. Kxd3 Rfc8 19. Ne2 Kf8 20. Rxc8+
Rxc8 21. Rc1 Rxc1 22. Nxc1 Ke7 23. Kd4 Kd6 24. Nd3 f6 25. Nf4 Bf7 26. Ne2 b6
27. b4 h6 28. a3 Be8 29. f4 g5 30. Kc3 Bd7 31. Nd4 Ke7 32. Kd3 Kd6 33. Ke2 Ke7
34. Kf3 Kd6 35. Kg3 Ke7 36. h4 Kf7 37. Nf3 gxh4+ 38. Kxh4 Kg7 39. Nd4 Kg6 40.
Kg3 Kh5 41. Ne2 Bb5 42. Nc3 Bc6 43. Ne2 Bb5 44. Nd4 Bd7 45. Kf3 Bg4+ 46. Kf2
Bd7 47. Kg3 Kg6 48. Kh4 Kg7 49. f5 Kf7 50. Kh5 {#} 50... Ke7 51. Kxh6 Kd6 52.
g4 Ke5 53. Kg7 Ke4 54. Kxf6 Kxe3 55. Ke5 1-0

[Event "73. Deutsche Meisterschaft"]
[Site "Altenkirchen"]
[Date "2001.12.08"]
[Round "9"]
[White "Kleeschaetzky, Rainer"]
[Black "Gutman, Lev"]
[Result "1/2-1/2"]
[WhiteElo "2318"]
[BlackElo "2489"]
[PlyCount "83"]


1. e4 c5 2. c3 Nf6 3. e5 Nd5 4. Nf3 d6 5. d4 cxd4 6. cxd4 Nc6 7. Bc4 Nb6 8. Bb5
dxe5 9. Nxe5 Bd7 10. Nc3 e6 11. Bxc6 Bxc6 12. Nxc6 bxc6 13. Qg4 h5 14. Qf3 Rc8
15. Be3 Be7 16. O-O g6 17. Rac1 O-O 18. Rc2 Nd5 19. Rfc1 Nb4 20. Rd2 Qa5 21. a3
Nd5 22. Rdc2 Rb8 23. Bh6 Rfd8 24. b4 Qb6 25. Nxd5 Rxd5 26. Rxc6 Qxd4 27. Be3
Qb2 28. Bxa7 Rbd8 29. Rc8 Kg7 30. h4 Rd3 31. Be3 R8d7 32. R8c7 Bxh4 33. Rxd7
Rxd7 34. Rd1 Rxd1+ 35. Qxd1 Qxa3 36. b5 Bf6 37. b6 Qb4 38. g3 h4 39. gxh4 Qxh4
40. b7 Qb4 41. Qd7 Be5 42. Qc8 1/2-1/2

[Event "73. Deutsche Meisterschaft"]
[Site "Altenkirchen"]
[Date "2001.12.08"]
[Round "9"]
[White "Knuth, Hannes"]
[Black "Dunsbach, Dr., Ralf"]
[Result "0-1"]
[WhiteElo "2313"]
[BlackElo "2312"]
[PlyCount "108"]


1. d4 Nf6 2. c4 g6 3. Nc3 d5 4. Nf3 Bg7 5. cxd5 Nxd5 6. e4 Nxc3 7. bxc3 c5 8.
Be3 Qa5 9. Qd2 Nc6 10. Rc1 cxd4 11. cxd4 Qxd2+ 12. Kxd2 O-O 13. d5 Rd8 14. Bd3
Nb4 15. Bb5 {#} 15... Nxd5 16. Rxc8 Raxc8 17. exd5 Rxd5+ 18. Bd3 Rc3 19. Ne1
Ra3 20. Ke2 Rxa2+ 21. Nc2 Rd7 22. Rd1 h5 23. Bd2 Rb2 24. Ne3 b5 25. Rc1 a6 26.
Rc8+ Kh7 27. f4 e6 28. Nd1 Ra2 29. Nc3 Ra3 30. Bc2 f5 31. Nd1 e5 32. fxe5 Bxe5
33. Ne3 Ra2 34. Rc5 Bd4 35. Rc6 Re7 36. g3 Kg7 37. Bc1 g5 38. Kd3 Bxe3 39. Bb3
Rf2 40. Ba3 Rd2+ 41. Kc3 Red7 42. Bc2 Rxc2+ 43. Kxc2 Rd2+ 44. Kc3 a5 45. Rc7+
Kf6 46. Be7+ Ke6 47. Bf8 b4+ 48. Kb3 Kd5 49. Re7 f4 50. Bh6 Rd3+ 51. Kc2 Rc3+
52. Kb2 fxg3 53. hxg3 Bd4 54. Rd7+ Kc4 0-1

[Event "73. Deutsche Meisterschaft"]
[Site "Altenkirchen"]
[Date "2001.12.08"]
[Round "9"]
[White "Lobron, Eric"]
[Black "Tischbierek, Raj"]
[Result "0-1"]
[WhiteElo "2524"]
[BlackElo "2493"]
[PlyCount "66"]


1. c4 Nf6 2. d4 e6 3. Nf3 b6 4. a3 c5 5. d5 Ba6 6. Qc2 exd5 7. cxd5 g6 8. Nc3
Bg7 9. g3 O-O 10. Bg2 d6 11. O-O Re8 12. Re1 Nbd7 13. h3 b5 14. e4 Qc8 15. Bf4
b4 16. Nd1 b3 17. Qb1 Qc7 18. Nc3 Nh5 19. Bd2 c4 20. g4 Nhf6 21. Bf4 h5 22. g5
Nh7 23. Qc1 Nc5 24. Bf1 Rab8 25. Qd2 Nd3 26. Bxd3 cxd3 27. Rac1 Qd7 28. Kh2
Rbc8 29. Be3 {#} 29... Bxc3 30. Rxc3 Rxc3 31. Qxc3 Rxe4 32. Ng1 Qf5 33. Rc1
Nxg5 0-1

[Event "73. Deutsche Meisterschaft"]
[Site "Altenkirchen"]
[Date "2001.12.08"]
[Round "9"]
[White "Rabiega, Robert"]
[Black "Huebner, Dr., Robert"]
[Result "1/2-1/2"]
[WhiteElo "2503"]
[BlackElo "2612"]
[PlyCount "210"]


1. e4 e6 2. d4 d5 3. Nc3 Nf6 4. Bg5 Bb4 5. exd5 Qxd5 6. Bxf6 gxf6 7. Nge2 Nc6
8. Qd2 Qg5 9. f4 Qg6 10. a3 Ba5 11. g3 Bd7 12. Bg2 O-O-O 13. b4 Bb6 14. Na4 Ne7
15. Nxb6+ axb6 16. O-O-O Bc6 17. Nc3 Rd7 18. Bxc6 bxc6 19. Qd3 Qxd3 20. Rxd3 {#
} 20... f5 21. a4 h5 22. b5 h4 23. Rhd1 Kb7 24. Kb2 hxg3 25. hxg3 Rhd8 26. Na2
cxb5 27. axb5 c6 28. bxc6+ Nxc6 29. c3 Rd5 30. Rh1 Rb5+ 31. Kc2 Ra8 32. Nc1 Rc8
33. Na2 Ra8 34. Nc1 Na5 35. Rh7 Nc4 36. Rxf7+ Kc6 37. d5+ Rxd5 38. Rxd5 Kxd5
39. Rd7+ Kc6 40. Rg7 b5 41. Nb3 Ra2+ 42. Kc1 Kd5 43. Rd7+ Ke4 44. Nd4 Ra1+ 45.
Kc2 Ra2+ 46. Kc1 Rd2 47. Re7 Kd3 {#} 48. Rd7 Ke4 49. Re7 Rg2 50. Nxb5 Rxg3 51.
Rxe6+ Kxf4 52. Nd4 Rxc3+ 53. Kb1 Rd3 54. Nxf5 Kxf5 55. Re2 Ne3 56. Kc1 Rd1+ 57.
Kb2 Ke4 58. Rh2 Kd3 59. Kb3 Rb1+ 60. Rb2 Rh1 61. Kb4 Rh5 62. Rb3+ Kd4 63. Rb2
Nd5+ 64. Kb5 Nc3+ 65. Kc6 Rh6+ 66. Kd7 Ke5 67. Rd2 Nb5 68. Re2+ Kd5 69. Ke7 Nd4
70. Re1 Nc6+ 71. Kf7 Ne5+ 72. Kg7 Rg6+ 73. Kh7 Rg2 74. Ra1 Ke6 75. Kh6 Rg3 76.
Kh5 Kf5 77. Kh4 Rf3 78. Ra5 Rb3 79. Rc5 Kf4 80. Ra5 Rb4 81. Kh3 Nf3 82. Ra2 Nd2
83. Kg2 Ne4 84. Rc2 Rb8 85. Ra2 Rb7 86. Kf1 Rc7 87. Kg2 Rc3 88. Rb2 Ra3 89. Rb4
Ra2+ 90. Kh3 Rc2 91. Ra4 Rb2 92. Rc4 Kf3 93. Ra4 Rb3 94. Kh4 Rb6 95. Kh5 Kf4
96. Rc4 Kf5 97. Ra4 Ng3+ 98. Kh4 Rg6 99. Ra5+ Kf4 100. Ra4+ Ne4 101. Kh5 Rg1
102. Kh6 Kf5 103. Ra5+ Ke6 104. Ra6+ Nd6 105. Kh5 Kf5 1/2-1/2

[Event "73. Deutsche Meisterschaft"]
[Site "Altenkirchen"]
[Date "2001.12.08"]
[Round "9"]
[White "Schlindwein, Rolf"]
[Black "Prusikhin, Mikhajlo"]
[Result "0-1"]
[WhiteElo "2440"]
[BlackElo "2502"]
[PlyCount "40"]


1. d4 Nf6 2. Nf3 g6 3. c3 Bg7 4. Bf4 O-O 5. Qc1 d6 6. Bh6 c5 7. h4 Bxh6 8. Qxh6
Qb6 {#} 9. h5 Qxb2 10. hxg6 fxg6 11. e4 Qxa1 12. Bd3 c4 13. Bxc4+ d5 14. Bd3
dxe4 15. Bxe4 Bf5 16. Bxf5 gxf5 17. Nfd2 Qxa2 18. Qg5+ Kh8 19. Qxf5 Nc6 20. d5
e6 0-1